1282 1293 1506 1800 1269 1284 1364 1525 1201 1525 1425 1612 1175 1680 1800 1341 1780 1411 1545 1645 1481 1365 1935 1955 1137 1618 1477 1963 1216 1165 1743 1097 1141 1809 1720 1501 1382 1046 1756 1452 1480 1456 1300 1608 1060 1532 1281 1326 1138 1109 1588 1059 1476 1287 1106 1125 1810 1543 2000 1626 1926 1864 1787 1630 1324 1783 1349 1883 1948 1057 1909 1641 1764 1829 1336 1824 1611 1469 1877 1323 1839 1113 1948 1013 1165 1950 1254 1793 1776 1782 1074 1374 1291 1084 1943 1368 1513 1970 1477 BCNSPRNW ULIB Ver.6.0+V

เปลี่ยนเป็นภาษาไทย

Change to English
 แสดงรายละเอียดบรรณานุกรม
  กลับหน้าหลัก

Brief Record : Get Marc (ISO 2709) : E-mail record : QR code < ปิดหน้าต่าง
LEADER : 00000nam 2200000uu 4500
001    13399127454
003     ULIB
008    200527s2562||||th 000 0 tha d
020    ^a9786164852624
060 04 ^aWA105^bก674ต
100 0  ^aกิตติพงษ์ คงสมบูรณ์
245 10 ^aตำราวิจัยทางระบาดวิทยาสำหรับนิสิตแพทย์ =^bTextbook ofedidemiological research for medical students /^cกิตติพงษ์คงสมบูรณ์
246 31 ^aTextbook of edidemiological research for medical students
250    ^aพิมพ์ครั้งที่ 2
260    ^aกรุงเทพฯ :^bโรงพิมพ์แห่งจุฬาลงกรณ์มหาวิทยาลัย,^c2562
300    ^a296 หน้า :^bภาพประกอบ ;^c26 ซม.
650  2 ^aEpidemiology
650  4 ^aระบาดวิทยา
945    ^p300^l0^i28343
945    ^p300^l0^i28344
945    ^p300^l0^i28345
945    ^p300^l0^i28346
945    ^p300^l0^i28347
999    ^aกัณชพร จุลอักษร
รายการนี้ยังไม่มีแท็ก
คุณยังไม่ได้ล็อกอิน คุณสามารถมีกิจกรรมร่วมกับเว็บไซต์ได้ แต่ต้องล็อกอินก่อน ::
  ล็อกอิน

รายการสื่อสารสนเทศ

ลำดับที่ ประเภท เลขเรียก/บาร์โค้ด สถานที่ สถานะ
1. หนังสือสำรอง
หนังสือสำรอง
WA105 ก674ต ฉ.1 
  Barcode: 28343
ห้องสมุดวิทยาเขตนครสวรรค์
►หนังสือทั่วไป:l:General Books
บนชั้น
2. วิทยาศาสตร์การแพทย์ และสุขภาพ
วิทยาศาสตร์การแพทย์ และสุขภาพ
WA105 ก674ต ฉ.2 
  Barcode: 28344
ห้องสมุดวิทยาเขตนครสวรรค์
►หนังสือทั่วไป:l:General Books
บนชั้น
3. วิทยาศาสตร์การแพทย์ และสุขภาพ
วิทยาศาสตร์การแพทย์ และสุขภาพ
WA105 ก674ต ฉ.3 
  Barcode: 28345
ห้องสมุดวิทยาเขตนครสวรรค์
►หนังสือทั่วไป:l:General Books
บนชั้น
4. วิทยาศาสตร์การแพทย์ และสุขภาพ
วิทยาศาสตร์การแพทย์ และสุขภาพ
WA105 ก674ต ฉ.4 
  Barcode: 28346
ห้องสมุดวิทยาเขตนครสวรรค์
►หนังสือทั่วไป:l:General Books
บนชั้น
5. วิทยาศาสตร์การแพทย์ และสุขภาพ
วิทยาศาสตร์การแพทย์ และสุขภาพ
WA105 ก674ต ฉ.5 
  Barcode: 28347
ห้องสมุดวิทยาเขตนครสวรรค์
►หนังสือทั่วไป:l:General Books
บนชั้น

รายการใกล้เคียง
    ผู้แต่ง [กิตติพงษ์ คงสมบูรณ์]

    หัวเรื่อง [Epidemiology]
    หัวเรื่อง [ระบาดวิทยา]

BibComment


ยังไม่เคยถูกคอมเมนท์

คอมเมนท์ทรัพยากรรายการนี้
  คอมเมนท์: ตำราวิจัยทางระบา..


 Copyright 2026. Bcnsprnw @Library